MARC

LEADER 00000nam0a2200000 4500
001 32574
005 20231030204934.0
010 |a 0805325352 
035 |a (RuTPU)RU\TPU\book\32873 
035 |a BOOK00000079 
090 |a 32574 
100 |a 20011210d1987 u y0engy50 ba 
101 0 |a eng 
102 |a XX 
105 |a  000|y 
200 1 |a Software Testing and Evaluation  |f R. A. DeVillo, W. M. McCracken, R. J. Martin, J. F. Passafume 
210 |a Menlo Park,California  |c The Benjamin/Cummings Publishing Company  |d 1987 
215 |a 537 p. 
610 1 |a программирование 
610 1 |a вычислительная техника 
675 |a 681.3.06  |v 3 
701 1 |a DeMillo  |g Richard A 
701 1 |a McCracken  |g W Michael 
701 1 |a Martin  |b R. J 
701 1 |a Passafiume  |g John F 
801 0 |a XX  |b 63413507  |c 20011210  |g PSBO 
801 2 |a RU  |b 63413507  |c 20170113  |g RCR 
942 |c BK